| 000 | 00994 a2200241 4500 | ||
|---|---|---|---|
| 005 | 20251208161512.0 | ||
| 008 | 251208b |||||||| |||| 00| 0 eng d | ||
| 020 | _a978-9349752092 (pbk) | ||
| 037 | _cTB | ||
| 040 |
_aCRL _cCRL |
||
| 041 |
_2pun _apun |
||
| 084 |
_aO153,6NSHx R5 _qCRL |
||
| 100 |
_aਸ਼ੋਂਕੀ, ਪਰਮਿੰਦਰ ਸਿੰਘ / Shonkey, Parminder Singh _9848115 |
||
| 245 | _aਖਾਮੋਸ਼ ਰਾਹਾਂ ਦੇ ਭੇਦ | ||
| 246 | _a Khamosh rahaan de bhed / Shonkey, Parminder Singh | ||
| 260 |
_aSangrur, India: _bਰਿਥਿੰਕ ਬੂਕਸ / Rethink Books, _c2025. |
||
| 300 | _a251p. | ||
| 365 |
_b 375.00 _cINR |
||
| 650 |
_aਪੰਜਾਬੀ ਸਾਹਿਤ _9855312 |
||
| 650 |
_aਪੰਜਾਬੀ ਨਿਬੰਧ _9855313 |
||
| 942 |
_cTB _2CC _n0 _hO153,6NSHx R5 |
||
| 999 |
_c1464690 _d1464690 |
||